Deutsche Speisen 2 Quiz Stats

 Plays Quiz not verified by Sporcle

Support Sporcle.
Go Orange.
Score 0/16 Timer 10:00
0 Plays Today
% Correct
Pommes
98.6%
Tomatensuppe
97.9%
Apfelstrudel
97.9%
Schokoladenpudding
97.2%
Gulasch
95%
Lebkuchen
93.6%
Gurkensalat
93.6%
Berliner
92.2%
% Correct
Currywurst
92.2%
Rindsroulade
92.2%
Spargel
90.8%
Frankfurter
90.1%
Sauerbraten
89.4%
Sauerkraut
88.7%
Brötchen
86.5%
Wiener Schnitzel
82.3%

You're not logged in!

Compare scores with friends on all Sporcle quizzes.
OR
Log In

From the Vault

Odd One Out: European Footballers' Clubs

by SporcleEXP

Our plan was to make a soccer pun. I think we achieved our goal.
Remove Ads.
Support Sporcle.
Get the best of Sporcle when you Go Orange. This ad-free experience offers more features, more stats, and more fun while also helping to support Sporcle. Thank you for becoming a member.

Show Comments

Extras

Created Jul 9, 2019ReportNominate
Tags:Clickable Quiz

Top Quizzes Today


Score Distribution

Your Account Isn't Verified!

In order to create a playlist on Sporcle, you need to verify the email address you used during registration. Go to your Sporcle Settings to finish the process.

Report this User

Report this user for behavior that violates our Community Guidelines.

Details: